000 00838cam a22002654a 4500
001 12326201
003 mut
005 20240606080920.0
008 010226s2002 inua 001 0 eng
010 _a 2001088017
020 _a0672322153
040 _aDLC
_cDLC
_dDLC
042 _apcc
050 0 0 _aTK5105.875.I57
_bC355 2002
082 0 0 _a004.67/8
_221
100 1 _aCadenhead, Rogers.
245 1 0 _aHow to use the Internet :
_bvisually in full color /
260 _aIndianapolis, Ind. :
_bSams,
_cc2002.
300 _av, 228 p. :
_bcol. ill. ;
_c26 cm.
500 _aIncludes index.
650 0 _aInternet.
906 _a7
_bcbc
_corignew
_d2
_eepcn
_f20
_gy-gencatlg
942 _2lcc
_cBK
999 _c3705
_d3705